Coro alto de Santa Clara (Registro nro. 319706)

Detalles MARC
000 -ENCABEZADO
Número de control [NR] 00998nam a22002417a 4500
005 - FECHA Y HORA DE LA ÚLTIMA TRANSACCIÓN
control field 20210921083718.0
008 - DE LONGITUD FIJA DE DATOS DE ELEMENTOS - INFORMACIÓN GENERAL
Elementos de longitud fija [NR] 210910s1991 ck a|||gr|||| 00| 0 spa d
040 ## - FUENTE DE CATALOGACION [NR]
Agencia de catalogación original [NR] CO-BoUCM
Idioma de catalogación [NR] spa
Quien Cataloga Deissy Garcia
Quien Clasifica Deissy Garcia
041 0# - CODIGO DE IDIOMA [R]
Código de idioma para texto/pista de sonido o título separado [R] Español
100 ## - ASIENTO PRINCIPAL--NOMBRE PERSONAL [NR]
Nombre personal [NR] Jaramillo de Zuleta, Pilar
ID Autoridad 80842
245 1# - MENCION DE TITULO [NR]
Título [NR] Coro alto de Santa Clara
Mención de responsabilidad, etc. [NR] textos Pilar Jaramillo de Zuleta ; fotografías Jorge Mario Múnera ; diseño Marta Granados
260 ## - PUBLICACION, DISTRIBUCION, ETC. (PIE DE IMPRENTA) [R]
Lugar de publicación, distribución, etc. [R] Bogotá
Nombre del editor, distribuidor, etc. [R] El Navegante
Fecha de publicación, distribución, etc. [R] 1991
300 ## - DESCRIPCION FISICA [R]
Extensión [R] 86 páginas
Otros detalles físicos [NR] ilustraciones
504 ## - NOTA DE BIBLIOGRAFIA, ETC. [R]
Nota de bibliografía, etc. [NR] Incluye referencias bibliográficas
650 #7 - ASIENTO SECUNDARIO DE MATERIA - TERMINO TEMATICO [R]
Término temático o nombre geográfico como elemento de entrada [NR] Templo de Santa Clara
Subdivisión general [R] Historia
Subdivisión geográfica [R] Bogotá (Colombia)
9 (RLIN) 106336
650 #7 - ASIENTO SECUNDARIO DE MATERIA - TERMINO TEMATICO [R]
Término temático o nombre geográfico como elemento de entrada [NR] Arte religioso
Subdivisión geográfica [R] Bogotá (Colombia)
9 (RLIN) 106337
650 #7 - ASIENTO SECUNDARIO DE MATERIA - TERMINO TEMATICO [R]
Término temático o nombre geográfico como elemento de entrada [NR] Arte cristiano
Subdivisión geográfica [R] Bogotá (Colombia)
9 (RLIN) 106338
650 #7 - ASIENTO SECUNDARIO DE MATERIA - TERMINO TEMATICO [R]
Término temático o nombre geográfico como elemento de entrada [NR] Arte colonial
Subdivisión geográfica [R] Bogotá (Colombia)
9 (RLIN) 106339
700 1# - ASIENTO SECUNDARIO - NOMBRE PERSONAL [R]
Nombre personal [NR] Múnera, Jorge Mario
Término de relación [R] fotografías
9 (RLIN) 2417
700 1# - ASIENTO SECUNDARIO - NOMBRE PERSONAL [R]
Nombre personal [NR] Granados, Marta
9 (RLIN) 106340
942 ## - ELEMENTOS DE ENTRADA AGREGADOS (KOHA)
Sistema de clasificación DEWEY
Tema principal Arte
Tipo de ítem principal el descrito en 300a Libro
Edición 1
Clasificación 704.9482
Parte restante de la signatura top. J371c
Existencias
Fecha de último préstamo Total préstamos Signatura topográfica Código de barras Última vez visto Ejemplar Costo de reposición Price effective from Tipo de ítem Perdido Sistema de clasificación Dañado No prestable Tipo de ítem específico Suprimido Ubicación habitual Ubicación actual Localización Fecha de creación Forma de adquisición Costo
04/05/2023 1 704.9482 J371c 100168067 06/12/2025 Ej.1 26000.00 10/09/2021 Libro   DEWEY     Libro   Claustro Claustro 2do piso 10/09/2021 Donación 0.00